| 000 | 00363nam a2200145 i 4500 | ||
|---|---|---|---|
| 001 | bg | ||
| 245 | 0 |
_aFortschritte der chemischen Forschung. _nBd. 11. _nH. 2, _pOrganische Chemie |
|
| 260 |
_aBerlin : _bSpringer-Verlag, _c1969. |
||
| 300 | _a373 s. | ||
| 040 | _cBPK | ||
| 041 | _apol | ||
| 080 | _a547 | ||
| 942 | _cKS | ||
| 008 | s pl f |000 0 pol | ||
| 999 |
_c8549 _d8549 |
||
| 856 |
_uhttp://koha.tu.koszalin.pl/cgi-bin/koha/opac-detail.pl?biblionumber=8549 _yKatalog online BPK |
||